| 000 | 00456nam a2200181Ia 4500 | ||
|---|---|---|---|
| 001 | 1418 | ||
| 005 | 20260306143727.0 | ||
| 008 | 260306t2007||||xx |||||||||||||| ||spa|| | ||
| 041 | _aESP | ||
| 082 |
_a150 _bM26 |
||
| 100 |
_aMarino, Julián _eAUT |
||
| 245 | 0 |
_aConceptos en psicología: _banálisis epistemológico y metodológico |
|
| 260 | _c2007 | ||
| 300 |
_a187 páginas : _c24 cm. |
||
| 650 | _aGEN | ||
| 654 | _aCPS | ||
| 942 |
_cLIB _dJUS _fJUS _2ddc _n |
||
| 999 |
_c1418 _d1418 |
||